Introduction to Ocean Sciences/ (Record no. 14897)
[ view plain ]
| 000 -LEADER | |
|---|---|
| fixed length control field | 00610nam a22001937a 4500 |
| 008 - FIXED-LENGTH DATA ELEMENTS--GENERAL INFORMATION | |
| fixed length control field | 161010b xxu||||| |||| 00| 0 eng d |
| 020 ## - INTERNATIONAL STANDARD BOOK NUMBER | |
| International Standard Book Number | 9780393926293 |
| 020 ## - INTERNATIONAL STANDARD BOOK NUMBER | |
| International Standard Book Number | 039392629X |
| 050 ## - LIBRARY OF CONGRESS CALL NUMBER | |
| Classification number | GC 11.2 .S443 2006 |
| 100 ## - MAIN ENTRY--PERSONAL NAME | |
| Personal name | Segar, Douglas A. |
| 245 ## - TITLE STATEMENT | |
| Title | Introduction to Ocean Sciences/ |
| Statement of responsibility, etc. | Douglas A. Segar and Elaine Stamman Segar |
| 250 ## - EDITION STATEMENT | |
| Edition statement | 2nd ed. |
| 260 ## - PUBLICATION, DISTRIBUTION, ETC. (IMPRINT) | |
| Place of publication, distribution, etc. | New York: |
| Name of publisher, distributor, etc. | W. W. Norton & Company, |
| Date of publication, distribution, etc. | 2006 |
| 300 ## - PHYSICAL DESCRIPTION | |
| Extent | xxix, 581p. : |
| Other physical details | ill. ; |
| 500 ## - GENERAL NOTE | |
| General note | Includes index. |
| 650 ## - SUBJECT ADDED ENTRY--TOPICAL TERM | |
| Topical term or geographic name as entry element | Oceanography |
| 700 ## - ADDED ENTRY--PERSONAL NAME | |
| Personal name | Segar, Elain Stamman |
| 942 ## - ADDED ENTRY ELEMENTS (KOHA) | |
| Source of classification or shelving scheme | |
| Koha item type | Hard Covered Materials |
| Classification part | GC 11.2 .S443 2006 |
| Koha issues (borrowed), all copies | 1 |
| Withdrawn status | Lost status | Source of classification or shelving scheme | Damaged status | Not for loan | Home library | Current library | Shelving location | Date acquired | Source of acquisition | Total Checkouts | Full call number | Barcode | Date last seen | Date last checked out | Price effective from | Koha item type |
|---|---|---|---|---|---|---|---|---|---|---|---|---|---|---|---|---|
| MACHAKOS UNIVERSITY LIBRARY | MACHAKOS UNIVERSITY LIBRARY | Open shelf | 10/10/2016 | Donation (BFA) | 1 | GC 11.2 .S443 2006 | 21712 | 07/06/2019 | 04/10/2017 | 10/10/2016 | Hard Covered Materials |